000 01502nam2a22002531 4500
001 rc\3236930
005 20250609165724.0
035 _a(NLR Aleph) 007373155
090 _a6429309
_c6429309
100 _a20130115d1969 |||y0rusy50 ca
101 0 _arus
102 _aRU
105 _ay z |||||
200 1 _aЧитатели "Труда"
210 _d1969
_aБ. м.
215 _a[4], XXX, 166 с.
225 1 _a...
_v№ 20 (35)
461 0 _1001rc\3236929
_12001#$aЧитатель и газета$e(Итоги изучения читательской аудитории центр. газет)$eВып. 1-$fНауч. Совет АН СССР по проблемам конкретных социальных исследований. Сов. социол. ассоциация. Ин-т конкретных социальных исследований АН СССР$vВып. 1
_96429300
_cМосква
_d1969
_fНауч. Совет АН СССР по проблемам конкретных социальных исследований. Сов. социол. ассоциация. Ин-т конкретных социальных исследований АН СССР
_nБ. и.
_o(Итоги изучения читательской аудитории центр. газет) : Вып. 1-
_tЧитатель и газета
_vВып. 1
532 1 3 _aЧитатели Труда
801 0 _aRU
_bNLR
_gpsbo
801 1 _aRU
_bELAR
_2rusmarc
852 _aNLR
_jП25/33
942 _cBOOK
980 _aNB